| 000 | 00606nam a2200217Ia 4500 | ||
|---|---|---|---|
| 001 | 15387 | ||
| 003 | GE_BSU | ||
| 008 | 181216s||||||||xx |||||||||||||| ||und|| | ||
| 040 | _cGE_BSU | ||
| 080 | _a821.353.1-31 | ||
| 100 | _aქუთათელი, ა. | ||
| 245 | _aპირისპირ. ტ.1. წ.1-2 | ||
| 245 | _bრომანი 2 ტომად | ||
| 260 | _aთბილისი | ||
| 260 | _bსაბჭ. საქართველო | ||
| 260 | _c1960 | ||
| 300 | _a599გვ.23სმ. | ||
| 653 | _aპირისპირ | ||
| 653 | _aრომანი. | ||
| 942 | _cBK | ||
| 999 |
_c48492 _d48492 |
||